000
00311pab a2200145 454500
008
180718b1990 xxu||||| |||| 00| 0 eng d
100
_a
Khosla, G.S.
245
_a
Railways and planning
260
_c
1990
300
_a
10,13
362
_a
16 Apr.
650
_a
Railways
773
_a
Yojana
909
_a
17665
999
_c
17665
_d
17665